Pohľady do minulosti a do nového svitania

Bibliographic Details
Main Author: Polakovič, Štefan, 1912-1999 (Author)
Format: Book
Language:Slovak
PhysicalDescription:133 strán 21 cm
Published: Trenčín Ivan Štelcer 2002
ISBN:8096719653
Subjects:

MARC

LEADER 00000cam a2200000 a 4500
001 vtls001450907
003 SK-MaSNL
005 20260301073125.0
008 240226s2002 xo fr 000 0 slo
015 |a SNBA2002 
020 |a 8096719653  |q (brožované) 
035 |a SNK000406200 
035 |a urn:nbn:sk:snk-am3iwj4 
035 |a 3A38503C-51B1-4448-A995-113E02B45534 
035 |a urn:nbn:sk:snk-am00g560 
040 |a SNK  |b slo  |c SNK  |e AACR2 
041 0 |a slo 
044 |a xo  |c SK 
072 7 |a 328  |x Zastupiteľské orgány. Vlády. Politické systémy jednotlivých krajín  |2 konspekt 
080 |a 328/329  |2 2011 
080 |a (048.8)  |2 2011 
100 1 |a Polakovič, Štefan,  |d 1912-1999  |4 aut  |9 93743 
245 1 0 |a Pohľady do minulosti a do nového svitania  |c Štefan Polakovič 
260 |a Trenčín  |b Ivan Štelcer  |c 2002 
300 |a 133 strán  |c 21 cm 
650 0 7 |a politika a vláda  |2 SNKPH  |9 3868 
655 7 |a monografie  |2 SNKPH  |9 70139 
919 |a 80-967196-5-3 
958 |a TL 
958 |a SP 
958 |a OND 
999 |c 643189  |d 645119 
952 |t P60, <91>, [BOOK], {603}, -K-  |a SNK  |b SNK  |y PREZ  |7 0  |p 17A0377723  |o snkSC 111045  |i snkKSP 3646/2003  |0 0  |1 0  |4 0  |d 2003-03-07  |f 1  |l 0  |r 2025-10-01 00:00:00  |w 2026-02-23 
952 |t P60, <04>, [BOOK], {604}  |a SNK  |b SNK  |y VYP  |7 0  |p 17A0377724  |o snkSC 111045 D1  |i snkKSP 3647/2003  |0 0  |1 0  |4 0  |d 2003-03-07  |l 0  |r 2005-01-02 00:00:00  |w 2026-02-23